NCAAM Basketball Logo Quiz: Big Sky - Statistics

General Stats
  • This quiz has been taken 243 times
    199 since last reset
  • The average score is 8 of 10
Answer Stats
Picture Answer % Correct
Eastern Washington
96%
Idaho
93%
Montana
93%
Montana St.
91%
Portland St.
82%
Northern Arizona
80%
Sacramento St.
70%
Idaho St.
68%
Weber St.
67%
Northern Colorado
60%
No matching quizzes found
Score Distribution
Percent of People with Each Score
Percentile by Number Answered
Your Score History
You have not taken this quiz since the last reset